God as political philosopher (Record no. 25877)
[ view plain ]
| 000 -LEADER | |
|---|---|
| fixed length control field | 01295 a2200169 4500 |
| 020 ## - INTERNATIONAL STANDARD BOOK NUMBER | |
| ISBN | 9789353282592 |
| 082 ## - DEWEY DECIMAL CLASSIFICATION NUMBER | |
| Classification number | 294.363 |
| Item number | SHE-G |
| 100 ## - MAIN ENTRY--AUTHOR NAME | |
| Personal name | Shepherd, Kancha Ilaiah |
| 245 ## - TITLE STATEMENT | |
| Title | God as political philosopher |
| Sub Title | : Buddha's challenge to brahminism |
| 260 ## - PUBLICATION, DISTRIBUTION, ETC. (IMPRINT) | |
| Name of publisher | Sage Publications |
| Year of publication | 2019 |
| Place of publication | New Delhi |
| 300 ## - PHYSICAL DESCRIPTION | |
| Number of Pages | ix, 244p. |
| 504 ## - BIBLIOGRAPHY, ETC. NOTE | |
| Bibliography, etc | Include Bibliography and Index<br/> |
| 520 ## - SUMMARY, ETC. | |
| Summary, etc | In this provocative and scholarly book, Kancha Ilaiah Shepherd propounds a view of Gautama Buddha as India’s first social revolutionary. Buddha did his best to give the principles of tribal democracy and egalitarianism a sanctuary in his own sangha. In so doing, he foreshadowed modern India’s experiment with parliamentary democracy. Critical of the caste system, Buddha inducted low caste members into the sangha and made them his trusted advisers. He gave women an honoured place in the sangha. Dissent was indeed permitted, and even Buddha was not above the law. Pre-dating Socrates and Plato by some years, Buddha also foreshadowed key elements of their philosophy. |
| 650 ## - SUBJECT ADDED ENTRY--TOPICAL TERM | |
| Topical Term | Politics and government |
| Form subdivision | Interfaith relations |
| -- | Social change |
| -- | Political and social views |
| Geographic subdivision | India |
| 650 ## - SUBJECT ADDED ENTRY--TOPICAL TERM | |
| Topical Term | Religion |
| Form subdivision | Buddhist sociology |
| -- | Brahmanism |
| -- | Gautama Buddha |
| -- | Buddhism and state |
| Geographic subdivision | India |
| 942 ## - ADDED ENTRY ELEMENTS (KOHA) | |
| Source of classification or shelving scheme | Dewey Decimal Classification |
| Koha item type | Books |
| Withdrawn status | Lost status | Damaged status | Not for loan | Home library | Current library | Date acquired | Source of acquisition | Cost, normal purchase price | Bill Date | Full call number | Accession Number | Cost, replacement price | Price effective from | Koha item type |
|---|---|---|---|---|---|---|---|---|---|---|---|---|---|---|
| NASSDOC Library | NASSDOC Library | 30/12/2019 | OP | 361.35 | 2019-12-20 | 294.363 SHE-G | 50699 | 495.00 | 30/12/2019 | Books |
